000 00848cam a22002773a 4500
001 616
003 PGUSA
005 20140828082950.0
008 960801s1996||||xxu|||||s|||||000 p eng d
040 _aPGUSA
_beng
042 _adc
050 4 _aPR
050 4 _aBV
100 1 _aStevenson, Robert Louis,
_d1850-1894
245 1 0 _aPrayers Written At Vailima, and A Lowden Sabbath Morn
_h[electronic resource] /
_cRobert Louis Stevenson
260 _bProject Gutenberg,
_c1996
506 _aPublic domain in the USA.
516 _aElectronic text
653 _aPrayers
653 _aStevenson, Robert Louis, 1850-1894 -- Travel -- Samoan Islands
653 _aSabbath -- Poetry
700 1 _aStevenson, Fanny Van de Grift,
_d1840-1914
830 0 _aProject Gutenberg
_v616
856 4 0 _uhttp://www.gutenberg.org/ebooks/616
942 _cEB
999 _c229967
_d229967